[Event "32nd Aegean Open"]
[Site "Aghios Kirykos GRE"]
[Date "2009.07.15"]
[Round "5"]
[White "Bobras,P"]
[Black "Lagopatis,N"]
[Result "1-0"]
[WhiteElo "2568"]
[BlackElo "2233"]

1.e4 d6 2.d4 Nf6 3.Nc3 Nbd7 4.Nf3 e5 5.Bc4 Be7 6.O-O O-O 7.a4 c6 8.Ba2 b6
9.h3 a6 10.Be3 Rb8 11.Nd2 b5 12.axb5 axb5 13.Ne2 Bb7 14.c3 c5 15.Ng3 g6 16.f4 cxd4
17.cxd4 Qb6 18.Kh1 exd4 19.Bg1 Ra8 20.Re1 Ra4 21.Bb3 Rb4 22.Nf3 Qd8 23.Bxd4 Nc5
24.Bc2 Re8 25.Qd2 Rc4 26.b3 Rxc2 27.Qxc2 Qc8 28.Bb2 Nfxe4 29.Nxe4 Nxe4 30.Qxc8 Rxc8
31.Ra7 Nf2+ 32.Kg1  1-0

[Event "Euskal Xake Eskola"]
[Site "Donostia ESP"]
[Date "2009.07.15"]
[Round "8"]
[White "Llaneza Vega,M"]
[Black "Galego,L"]
[Result "1/2-1/2"]
[WhiteElo "2521"]
[BlackElo "2435"]

1.e4 d6 2.d4 Nf6 3.Nc3 c6 4.Nf3 Qa5 5.Bd2 e5 6.Nd5 Qd8 7.Nxf6+ Qxf6 8.dxe5 dxe5
9.Bg5 Qd6 10.Bc4 f6 11.Qxd6 Bxd6 12.O-O-O Bc7 13.Be3 Nd7  1/2-1/2

[Event "Euskal Xake Eskola"]
[Site "Donostia ESP"]
[Date "2009.07.15"]
[Round "8"]
[White "Huerga Leache,M"]
[Black "Martin Alvarez,I"]
[Result "1-0"]
[WhiteElo "2456"]
[BlackElo "2239"]

1.e4 d6 2.d4 Nf6 3.Nc3 e5 4.Nf3 Nbd7 5.Bc4 Be7 6.O-O O-O 7.Re1 c6 8.a4 a5
9.h3 Nb6 10.Ba2 Nfd7 11.Be3 exd4 12.Qxd4 Nc5 13.Rad1 Nbd7 14.Bf4 Qb6 15.Bxd6 Bxd6
16.Qxd6 Qxb2 17.Re3 Nxa4 18.Rb1 Qxc3 19.Rxc3 Nxc3 20.Ra1 Nxa2 21.Rxa2 Nf6
22.e5 Nd5 23.Nd4 Re8 24.Ra3 Be6 25.Nxe6 Rxe6 26.Rxa5 Rae8 27.Qd7 R6e7 28.Qd6 Re6
29.Qa3 Rxe5 30.Ra8 h5 31.Qa7 Re6 32.Qxb7 Rxa8 33.Qxa8+ Kh7 34.Qf8 Kg6 35.g3 f5
36.Qc8 Kf7 37.Qb7+ Kf6 38.Kg2 Ne7 39.Qb3 Nd5 40.Qb8 Kf7 41.Qc8 Ne7 42.Qd7 Re2
43.Qd1 Re6 44.Qxh5+ Kf8 45.h4 g6 46.Qh7 Rf6 47.Kf3 Re6 48.Kf4 Re4+ 49.Kg5 Rg4+
50.Kf6 Ng8+ 51.Ke6 Re4+ 52.Kd6 Rd4+ 53.Kxc6 Rc4+ 54.Kd6 Rd4+ 55.Kc5 Rd5+
56.Kb4 Ne7 57.c4 Rd7 58.Qh8+ Kf7 59.c5 Nc6+ 60.Kb5 Nd4+ 61.Kb6 Rd5 62.h5 gxh5
63.Qxh5+ Kf6 64.g4 Ne6 65.g5+  1-0

[Event "12th Open"]
[Site "Malaga ESP"]
[Date "2009.07.15"]
[Round "6"]
[White "Karim,I"]
[Black "Strikovic,A"]
[Result "0-1"]
[WhiteElo "2407"]
[BlackElo "2523"]

1.e4 d6 2.d4 Nf6 3.Nc3 e5 4.Nf3 Nbd7 5.Bc4 Be7 6.O-O O-O 7.Re1 c6 8.a4 b6
9.Ba2 a6 10.Nh4 exd4 11.Qxd4 Nc5 12.b4 Ne6 13.Qc4 d5 14.exd5 cxd5 15.Nxd5 Nxd5
16.Qxd5 Ra7 17.Nf3 Bxb4 18.Rf1 Rc7 19.Be3 Bc5 20.Qh5 Bxe3 21.fxe3 Rc5 22.Qg4 Rxc2
23.Rad1 Qe7 24.Bb1 Rc5 25.Qe4 g6 26.Qb4 Qc7 27.Ba2 a5 28.Qh4 Rh5 29.Qf6 Rf5
30.Qh4 Qc5 31.Qe1 Re8 32.Rc1 Qa3 33.Ra1 Qe7 34.e4 Rc5 35.Rb1 Nf4 36.Qe3 Qxe4
37.Bxf7+ Kg7 38.Qd4+ Qxd4+ 39.Nxd4 Re4 40.Nb5 Rxa4 41.Be8 Rc2  0-1

[Event "12th Open"]
[Site "Malaga ESP"]
[Date "2009.07.16"]
[Round "7"]
[White "Khamrakulov,I"]
[Black "Levin,F"]
[Result "1-0"]
[WhiteElo "2553"]
[BlackElo "2491"]

1.e4 d6 2.d4 Nf6 3.Nc3 e5 4.Nf3 Nbd7 5.Bc4 Be7 6.O-O O-O 7.Re1 c6 8.a4 b6
9.d5 cxd5 10.Nxd5 Bb7 11.b3 Rc8 12.Re2 Nc5 13.Nxf6+ Bxf6 14.Bd5 Bxd5 15.Qxd5 Qd7
16.Be3 Qe6 17.Qxe6 fxe6 18.Bxc5 Rxc5 19.Rd1 Be7 20.c4 a6 21.Ne1 Rcc8 22.Nd3 Ra8
23.Ra2 Bd8 24.g3 Bc7 25.Kg2 Rfd8 26.Rad2 Rdb8 27.Rc2 Rc8 28.h4 Bb8 29.Ra2 Bc7
30.h5 Rd8 31.Rad2 Re8 32.Rc2 h6 33.f4 exf4 34.Nxf4 Bb8 35.e5 dxe5 36.Ng6 Bc7
37.Rd7 Bd8 38.Nxe5 Bf6 39.Ng4 Bg5 40.Rd6 Rab8 41.Re2 b5 42.cxb5 axb5 43.a5 Rec8
44.a6 Rc3 45.Rdxe6 Kf7 46.Rd6 Rxb3 47.Rd7+ Kg8 48.a7 Ra8 49.Re6  1-0

[Event "12th Open"]
[Site "Malaga ESP"]
[Date "2009.07.16"]
[Round "7"]
[White "Ibarra Jerez,JC"]
[Black "Paunovic,D"]
[Result "0-1"]
[WhiteElo "2517"]
[BlackElo "2533"]

1.e4 d6 2.d4 Nf6 3.Nc3 e5 4.Nf3 Nbd7 5.Bc4 Be7 6.a4 O-O 7.O-O c6 8.Re1 b6
9.b3 a6 10.Bb2 Rb8 11.Bd3 Qc7 12.Ne2 b5 13.Ng3 g6 14.axb5 axb5 15.Qd2 c5
16.dxe5 Nxe5 17.Nxe5 dxe5 18.Qa5 Qxa5 19.Rxa5 c4 20.bxc4 bxc4 21.Bxe5 cxd3
22.Bxb8 Bb4 23.Raa1 Bxe1 24.Rxe1 dxc2 25.Bf4 Ba6 26.f3 Nd7 27.Ra1 Nc5 28.Ra5 Rc8
29.Be3 Bc4 30.e5 Nb3 31.Ra3 Be6 32.Ne4 c1=Q+ 33.Bxc1 Rxc1+ 34.Kf2 Ra1 35.Rxa1 Nxa1
36.g4 Nc2 37.Nf6+ Kg7 38.Ne8+ Kf8 39.Nf6 h6 40.h4 Nb4 41.Kg3 Nd5 42.Ne4 Bd7
43.f4 h5 44.gxh5 gxh5 45.Ng5 Bg4 46.Ne4 Ne7 47.Nf6 Nf5+ 48.Kf2 Kg7  0-1

[Event "Richard Riordan GM Blitz"]
[Site "Natanya ISR"]
[Date "2009.07.16"]
[Round "11"]
[White "Smirin,I"]
[Black "Eljanov,P"]
[Result "0-1"]
[WhiteElo "2650"]
[BlackElo "2716"]

1.e4 d6 2.d4 Nf6 3.Nc3 e5 4.Nf3 Nbd7 5.Bc4 Be7 6.O-O O-O 7.Re1 a6 8.a4 b6
9.Nd5 Bb7 10.Nxe7+ Qxe7 11.d5 c6 12.Bg5 h6 13.Bh4 g5 14.Bg3 Nc5 15.dxc6 Bxc6
16.Bd5 Qd7 17.b4 Bxd5 18.exd5 Nce4 19.c4 a5 20.Nxe5 dxe5 21.Bxe5 Qf5 22.Qd4 Rfe8
23.Bxf6 Nxf6  0-1

[Event "6th South Wales Int"]
[Site "Treforest WLS"]
[Date "2009.07.16"]
[Round "9"]
[White "Richmond,P"]
[Black "Rudd,J"]
[Result "0-1"]
[WhiteElo "2242"]
[BlackElo "2326"]

1.d4 Nf6 2.Nc3 d6 3.e4 c6 4.Be3 Qb6 5.Qd2 Qxb2 6.Rb1 Qa3 7.Nf3 e6 8.d5 e5
9.Bc4 Be7 10.O-O O-O 11.h3 Qa5 12.Rfd1 c5 13.g4 a6 14.a4 Nbd7 15.Be2 Qd8
16.Kg2 Ne8 17.Rh1 g6 18.h4 Ndf6 19.Nh2 Ng7 20.Bh6 Kh8 21.h5 gxh5 22.g5 Ng8
23.Nf3 Nxh6 24.gxh6 Ne8 25.Rxh5 Bg4 26.Rhh1 Rg8 27.Kf1 Qc8 28.Nd1 Nf6 29.Qe3 Rg6
30.Ke1 Bd8 31.Nh4 Rg8 32.Bxg4 Rxg4 33.f3 Rg8 34.Nf5 Qd7 35.Qb3 Rb8 36.c4 Rg6
37.Nde3 Ng8 38.Ke2 Bg5 39.Ng4 Ne7 40.Nxe7 Bxe7 41.Ne3 Bg5 42.Nf5 Bf4 43.Kd3 Rg2
44.Qb6 Qxa4  0-1

[Event "Open"]
[Site "Condom FRA"]
[Date "2009.07.17"]
[Round "8"]
[White "Lacroix,R"]
[Black "Gertosio,F"]
[Result "1-0"]
[WhiteElo "2141"]
[BlackElo "2038"]

1.e4 d6 2.d4 Nf6 3.Nc3 c6 4.Be3 Qa5 5.Bd3 Ng4 6.Bd2 e5 7.h3 Nf6 8.Nf3 Nbd7
9.O-O Qc7 10.Bc4 b5 11.Bb3 Be7 12.Qe2 a6 13.dxe5 dxe5 14.Nh4 Nc5 15.Nf5 Bxf5
16.exf5 a5 17.a3 Nxb3 18.cxb3 O-O 19.Rfe1 Nd7 20.Rac1 Nc5 21.Ne4 Nxb3 22.f6 Bxf6
23.Nxf6+ gxf6 24.Bh6 Kh8 25.Qf3  1-0

[Event "ch-SCO"]
[Site "Edinburgh SCO"]
[Date "2009.07.17"]
[Round "7"]
[White "White,Mi"]
[Black "Shaw,J"]
[Result "0-1"]
[WhiteElo "2259"]
[BlackElo "2462"]

1.e4 d6 2.d4 Nf6 3.Nc3 e5 4.Nf3 Nbd7 5.g4 h6 6.g5 hxg5 7.Bxg5 Be7 8.Qd2 c6
9.O-O-O b5 10.Bxf6 gxf6 11.Kb1 Nb6 12.b3 a5 13.Qe3 Qc7 14.h4 b4 15.Ne2 Bf8
16.dxe5 fxe5 17.Qg5 a4 18.Nc1 axb3 19.cxb3 Qe7 20.Bh3 Qxg5 21.Nxg5 Bb7 22.Nd3 c5
23.Bf5 Ke7 24.f4 f6 25.Ne6 Bh6 26.fxe5 fxe5 27.Nf2 Rag8 28.Nc7 Rg2 29.Nd3 Be3
30.h5 Rg5 31.Bg6 c4 32.bxc4 Nxc4 33.Nxb4 Bd4 34.Rhf1 d5 35.Rf7+ Kd6 36.Nb5+ Kc5
37.Nxd4 Na3+ 38.Kb2 Nc4+ 39.Ka1 Bc8  0-1

[Event "Canadian Open"]
[Site "Edmonton CAN"]
[Date "2009.07.18"]
[Round "8"]
[White "Ni Hua"]
[Black "Hommeles,T"]
[Result "0-1"]
[WhiteElo "2701"]
[BlackElo "2412"]

1.e4 d6 2.d4 Nf6 3.Nc3 e5 4.Nge2 Nc6 5.f3 exd4 6.Nxd4 Be7 7.Bb5 Bd7 8.Nde2 O-O
9.Nf4 Ne5 10.Bxd7 Qxd7 11.O-O c6 12.Kh1 Rfe8 13.b3 Rad8 14.Qd4 b6 15.Bb2 Qc7
16.Nce2 Bf8 17.c4 d5 18.cxd5 cxd5 19.exd5 g5 20.Rac1 Bc5 21.Qd1 gxf4 22.b4 Rxd5
23.Qb3 Rd2 24.Nxf4 Ned7 25.Bc3 Qxf4 26.Bxd2 Qxd2 27.bxc5 Nxc5 28.Qc3 Qxc3
29.Rxc3 Re2 30.Ra3 a5 31.Kg1 Nd5 32.Rf2 Re5 33.Rd2 Kf8 34.Kf2 Ke7 35.h4 a4
36.Rd4 Kd6 37.Rc3 Kc6 38.Rc2 Kb5 39.f4 Nxf4 40.Rxf4 Nd3+ 41.Kg3 Nxf4 42.Kxf4 Rc5
43.Rb2+ Ka5 44.Ke3 Rc3+ 45.Kd4 Rg3 46.Rf2 h5 47.Rxf7 Rxg2 48.a3 Rg3 49.Rf5+ b5
50.Rxh5 Rxa3 51.Rh8 Kb4 52.h5 Rh3 53.h6 a3 54.h7 a2 55.Ra8 Ra3  0-1

[Event "Canadian Open"]
[Site "Edmonton CAN"]
[Date "2009.07.19"]
[Round "9"]
[White "MacKinnon,K"]
[Black "Panjwani,R"]
[Result "0-1"]
[WhiteElo "2148"]
[BlackElo "2350"]

1.e4 d6 2.d4 Nf6 3.Nc3 Nbd7 4.Nf3 e5 5.Bc4 Be7 6.O-O O-O 7.Re1 a6 8.a4 b6
9.Bg5 c6 10.Qd2 Qc7 11.Bb3 h6 12.Bh4 Rb8 13.Nb1 exd4 14.Qxd4 c5 15.Qd1 b5
16.axb5 axb5 17.c3 Re8 18.Nbd2 c4 19.Bc2 Ng4 20.Bxe7 Rxe7 21.Nd4 Nc5 22.Nf5 Bxf5
23.exf5 Rxe1+ 24.Qxe1 Ne5 25.Ne4 Ncd3 26.Qd2 d5 27.Ng3 Qe7 28.Ne2 Qg5 29.Qxg5 hxg5
30.Nd4 b4 31.Ra5 b3 32.Bxd3 Nxd3 33.Rxd5 Nxb2  0-1

[Event "17th Open"]
[Site "Saint Affrique FRA"]
[Date "2009.07.19"]
[Round "2"]
[White "Lefevre,Ma"]
[Black "Manouck,T"]
[Result "0-1"]
[WhiteElo "2003"]
[BlackElo "2337"]

1.e4 d6 2.d4 Nf6 3.Nc3 Nbd7 4.g4 h6 5.g5 hxg5 6.Bxg5 e5 7.Nf3 c6 8.Qd2 b5
9.dxe5 dxe5 10.O-O-O Be7 11.Bxf6 Bxf6 12.Qd6 Rh6 13.Qd2 Be7 14.Bd3 Rh5 15.Kb1 Nf8
16.Rhg1 Ne6 17.Ne2 f6 18.Ng3 Rh3 19.Qe1 Qc7 20.Bf1 Rh7 21.Nf5 Bf8 22.Qd2 Bd7
23.N3h4 Nf4 24.Ng2 Nh3 25.Rh1 Bxf5 26.exf5 Rd8 27.Bd3 Bc5 28.Rdf1 Kf8 29.Qe2 Qb6
30.Ne3 Nf4  0-1

[Event "13th Battle of Senta Open A"]
[Site "Senta SRB"]
[Date "2009.07.19"]
[Round "2"]
[White "Kosa,J"]
[Black "Sutorikhin,V"]
[Result "0-1"]
[WhiteElo "2104"]
[BlackElo "2341"]

1.e4 d6 2.d4 Nf6 3.Nc3 Nbd7 4.Nf3 e5 5.h3 Be7 6.Be3 c6 7.a4 a5 8.Be2 O-O
9.O-O Qc7 10.dxe5 dxe5 11.Bc4 Nc5 12.Nd2 Be6 13.Bxc5 Bxc5 14.Bxe6 fxe6 15.Qe2 Qe7
16.Nc4 Bd4 17.Nd1 g6 18.c3 Ba7 19.Nxe5 Nh5 20.Kh1 Rxf2 21.Rxf2 Ng3+ 22.Kh2 Nxe2
23.Rxe2 Bb8  0-1

[Event "13th Battle of Senta Open A"]
[Site "Senta SRB"]
[Date "2009.07.20"]
[Round "4"]
[White "Elez,S"]
[Black "Tancik,K"]
[Result "1/2-1/2"]
[WhiteElo "2103"]
[BlackElo "2255"]

1.e4 d6 2.d4 Nf6 3.Nc3 Nbd7 4.Nf3 e5 5.h3 Be7 6.Be3 c6 7.Qd2 b5 8.a3 a6 9.Be2 Bb7
10.b4 O-O 11.O-O exd4 12.Nxd4 c5 13.Nf5 cxb4 14.axb4 Nxe4 15.Nxe4 Bxe4 16.Nxd6 Bc6
17.Nf5 Bf6 18.Rad1 Ne5 19.Qc1 Qc8 20.Nd6 Qc7 21.c4 Nxc4 22.Nxc4 bxc4 23.Qxc4 Qb7
24.Qg4 Rfd8 25.Rxd8+ Rxd8  1/2-1/2

[Event "XXVII Andorra Open"]
[Site "Arinsal AND"]
[Date "2009.07.21"]
[Round "4"]
[White "Edouard,R"]
[Black "Damljanovic,B"]
[Result "1-0"]
[WhiteElo "2597"]
[BlackElo "2551"]

1.e4 d6 2.d4 Nf6 3.Nc3 e5 4.Nf3 Nbd7 5.Bc4 Be7 6.O-O O-O 7.Re1 c6 8.a4 a5
9.h3 exd4 10.Qxd4 Nc5 11.Bf4 Be6 12.Rad1 Ne8 13.b3 Bxc4 14.Qxc4 Ne6 15.Bg3 Qc7
16.Rd2 Rd8 17.Rde2 Rd7 18.Re3 Qd8 19.Rd1 Nc5 20.Re2 Qb6 21.Rde1 Nc7 22.Bh4 Qb4
23.Qxb4 axb4 24.Na2 N7a6 25.Bg3 Re8 26.Nd2 Bf8 27.Nc4 Re6 28.Kf1 Rd8 29.f3 f5
30.exf5 Rxe2 31.Rxe2 d5 32.Ne5 Bd6 33.Bf2 Nd7 34.Bh4 Nf6 35.g4 Re8 36.Nd7 Rxe2
37.Nxf6+ gxf6 38.Kxe2 Kf7 39.Nc1 c5 40.Nd3 Nb8 41.Bf2 b6 42.a5 c4 43.bxc4 dxc4
44.Bxb6 cxd3+ 45.Kxd3 Ke8 46.Kc4 Kd7 47.Kb5 Nc6 48.a6 Bb8 49.Bf2 h6 50.Be3 Ne5
51.a7 Bxa7 52.Bxa7 Nxf3 53.Kxb4 Ng5 54.Be3 Nxh3 55.Kc5  1-0

[Event "Politiken Cup"]
[Site "Helsingor DEN"]
[Date "2009.07.21"]
[Round "5"]
[White "Brondum,E"]
[Black "Agrest,S"]
[Result "1/2-1/2"]
[WhiteElo "2122"]
[BlackElo "2260"]

1.e4 d6 2.d4 Nf6 3.Nc3 e5 4.Nf3 Nbd7 5.Bc4 Be7 6.O-O O-O 7.Qe2 c6 8.a4 a5
9.Be3 Ng4 10.Bd2 exd4 11.Nxd4 Nc5 12.h3 Ne5 13.Ba2 Qb6 14.Kh1 Bf6 15.f4 Ned3
16.Ndb5 Nb4 17.Nxd6 Nxc2 18.e5  1/2-1/2

[Event "17th Open"]
[Site "Saint Affrique FRA"]
[Date "2009.07.21"]
[Round "5"]
[White "Bujisho,B"]
[Black "Manouck,T"]
[Result "1-0"]
[WhiteElo "2404"]
[BlackElo "2337"]

1.e4 d6 2.d4 Nf6 3.Nc3 Nbd7 4.Nf3 e5 5.Bc4 Be7 6.O-O O-O 7.a4 a5 8.Re1 c6
9.b3 Qc7 10.Bb2 Nb6 11.Be2 Bg4 12.h3 Bh5 13.Nh4 Nxe4 14.Nxe4 Bxe2 15.Qxe2 Bxh4
16.dxe5 dxe5 17.Qh5 Be7 18.Bxe5 Qc8 19.Bxg7 Kxg7 20.Qe5+  1-0

[Event "MTO"]
[Site "Biel SUI"]
[Date "2009.07.22"]
[Round "3"]
[White "Belov,Vl"]
[Black "Al Sayed,Mohammed"]
[Result "1/2-1/2"]
[WhiteElo "2627"]
[BlackElo "2082"]

1.e4 d6 2.d4 Nf6 3.Nc3 e5 4.Nf3 Nbd7 5.Bc4 Be7 6.O-O O-O 7.a4 c6 8.Re1 a5
9.h3 Nb6 10.Bf1 Nfd7 11.Be3 exd4 12.Qxd4 Nc5 13.Rad1 f5 14.Bc1 f4 15.b3 Ne6
16.Qd2 Nd7 17.Ba3 Ndc5 18.Bc4 Kh8 19.Qe2 Qe8 20.Kh2 Qg6 21.Nb1 Ng5 22.Nbd2 b6
23.Nxg5 Qxg5 24.Nf3 Qh6 25.Qf1 Bg4 26.Be2 Rae8 27.Bxc5 bxc5 28.Kh1 Bh5 29.Nd2 Bf7
30.Bf3 Bf6 31.Nc4 Bd4 32.Nxa5 Bc3 33.Nxc6 Bxe1 34.Rxe1 Bh5 35.Bxh5 Qxh5 36.a5 d5
37.e5 f3 38.e6 Rf6 39.a6 fxg2+ 40.Kxg2 Qf3+ 41.Kh2 Qf4+ 42.Kh1 Qc7 43.Qb5 Rxf2
44.Re5 Rxc2 45.Qb7 Rf8 46.Kg1 Rc1+ 47.Kg2 Rc2+ 48.Kg3 Rc3+ 49.Kg4 Qd6 50.Qd7 Rff3
51.Qe8+ Rf8 52.Qe7 Rff3 53.Qe8+ Rf8 54.Qd7  1/2-1/2

[Event "32nd Taminco Open"]
[Site "Ghent BEL"]
[Date "2009.07.22"]
[Round "9"]
[White "Pienski,O"]
[Black "Maenhout,T"]
[Result "0-1"]
[WhiteElo "2122"]
[BlackElo "2312"]

1.e4 d6 2.d4 Nf6 3.Nc3 c6 4.Nf3 Bg4 5.Be2 e6 6.O-O d5 7.e5 Nfd7 8.Ne1 Bxe2
9.Nxe2 c5 10.c3 Nc6 11.f4 g6 12.Kh1 h5 13.b3 Qa5 14.dxc5 Nxc5 15.b4 Qa4 16.Qxa4 Nxa4
17.Be3 Rc8 18.Nf3 a6 19.Rab1 b5 20.Nfd4 Be7 21.g3 Kd7 22.Kg2 Nxd4 23.Bxd4 Bd8
24.Rf3 Bb6 25.Bxb6 Nxb6 26.Nd4 Na4 27.Rb3 Rc4 28.Kf2 Nxc3 29.Rfxc3 Rxd4  0-1

[Event "17th Open"]
[Site "Saint Affrique FRA"]
[Date "2009.07.22"]
[Round "6"]
[White "Houard,Y"]
[Black "Manouck,T"]
[Result "1/2-1/2"]
[WhiteElo "2200"]
[BlackElo "2337"]

1.e4 d6 2.d4 Nf6 3.Nc3 Nbd7 4.Nf3 e5 5.Bc4 Be7 6.O-O O-O 7.Re1 c6 8.a4 a5
9.Ba2 h6 10.h3 Re8 11.Be3 Qc7 12.Qd2 exd4 13.Bxd4 Ne5 14.Qe3 Bd8 15.Rad1 Be6
16.Bxe6 Nxf3+ 17.Qxf3 Rxe6 18.Qd3 Nh5 19.Qf3 g6 20.Re2 Bg5 21.g3 Rae8 22.Kg2 R8e7
23.Qd3 Bf6 24.Rde1 g5 25.b3 Re8 26.Bxf6 Rxf6 27.Qc4 Qb6 28.Rd1 Qb4 29.Qxb4 axb4
30.Na2 Rfe6 31.Nxb4 Rxe4 32.Rxe4 Rxe4 33.c3 d5 34.Nd3 Nf6 35.Nc5 Re7 36.a5 Kf8
37.Kf1 Ne4 38.Nxe4 Rxe4  1/2-1/2

[Event "ch-Africa"]
[Site "Tripoli LBA"]
[Date "2009.07.22"]
[Round "2"]
[White "El Kamel,A"]
[Black "Al Zayat,A"]
[Result "1-0"]
[WhiteElo "2239"]
[BlackElo "1969"]

1.e4 d6 2.d4 Nf6 3.Nc3 Nbd7 4.f4 e5 5.Nf3 exd4 6.Qxd4 Nc5 7.Bc4 Be6 8.b4 Bxc4
9.Qxc4 Ncd7 10.Ng5 d5 11.Nxd5 Nxd5 12.exd5 Qf6 13.Rb1 O-O-O 14.O-O Nb6 15.Qb3 Nxd5
16.c4 Nxb4 17.a3 Rd3 18.Qa4 Bc5+ 19.Kh1 Nc6 20.Qb5 b6 21.Ne4 Qg6 22.Nxc5 bxc5
23.Qxc5 Re8 24.Qf2 Qe4 25.Bb2 Re3 26.Bxg7 Rxa3 27.Qb2 Rd3 28.Qb7+ Kd7 29.Be5 Rc8
30.Rfd1 Qf5 31.c5 h5 32.Qb5 Rxd1+ 33.Rxd1+ Ke7 34.Qxc6 h4 35.Bf6+ Kf8 36.Bxh4 Qc2
37.Qh6+ Kg8 38.Rf1 Qxc5 39.Bf6 Qf8 40.Qh8+  1-0

[Event "ch-Africa"]
[Site "Tripoli LBA"]
[Date "2009.07.22"]
[Round "2"]
[White "Rizouk,A"]
[Black "Belkhodja,S"]
[Result "1-0"]
[WhiteElo "2506"]
[BlackElo "2467"]

1.e4 d6 2.d4 Nf6 3.Nc3 e5 4.Nf3 Nbd7 5.Bc4 Be7 6.O-O O-O 7.Re1 c6 8.a4 a5
9.Ba2 exd4 10.Nxd4 Nc5 11.Bf4 Be6 12.e5 dxe5 13.Nxe6 Nxe6 14.Bxe5 Qxd1 15.Raxd1 Rfd8
16.h3 Bb4 17.Kf1 Ne8 18.g4 Kf8 19.Bxe6 fxe6 20.Rxd8 Rxd8 21.Ke2 Nf6 22.Rd1 Rxd1
23.Nxd1 Ke7 24.Ne3 b5 25.b3 Nd7 26.Bxg7 bxa4 27.bxa4 Nb6 28.Bd4 Nxa4 29.Nc4 c5
30.Be5 Bc3 31.Bc7 Kd7 32.Bxa5 Bxa5 33.Nxa5 Nc3+ 34.Kd3 Nd5 35.Ke4 Nc3+ 36.Ke5 Nd1
37.f4 Nf2 38.Nb7 c4 39.Nc5+ Ke7 40.Nxe6 Nxh3 41.g5 Nf2 42.Nd4 Kf7 43.Ne2 Kg6
44.Kd4 Kf5 45.Kxc4 Ke4 46.Kb5 Ng4 47.c4 Ne3 48.c5 Nf5 49.c6 Ke3 50.c7 Kxe2
51.Kc5  1-0

[Event "Politiken Cup"]
[Site "Helsingor DEN"]
[Date "2009.07.23"]
[Round "7"]
[White "Pedersen,TR"]
[Black "Agrest,S"]
[Result "0-1"]
[WhiteElo "1987"]
[BlackElo "2260"]

1.e4 d6 2.d4 Nf6 3.Nc3 e5 4.Nf3 Nbd7 5.g4 Nxg4 6.Rg1 Ngf6 7.Bc4 h6 8.Be3 c6
9.dxe5 dxe5 10.Qd3 b5 11.Bxf7+ Kxf7 12.Nxe5+ Nxe5 13.Qxd8 Nf3+ 14.Ke2 Nxg1+
15.Rxg1 Bg4+  0-1

[Event "Synthesia Rapid Open"]
[Site "Pardubice CZE"]
[Date "2009.07.23"]
[Round "4"]
[White "Arutinian,D"]
[Black "Movsesian,S"]
[Result "1-0"]
[WhiteElo "2526"]
[BlackElo "2716"]

1.d4 d6 2.e4 Nf6 3.Nc3 e5 4.Nf3 Nbd7 5.Bc4 Be7 6.O-O O-O 7.Re1 a6 8.a4 b6
9.b3 Bb7 10.Bb2 c6 11.Bd3 Re8 12.Ne2 Bf8 13.Ng3 g6 14.Qd2 exd4 15.Nxd4 c5
16.Nf3 Ne5 17.Nxe5 dxe5 18.Qe2 Qc7 19.Rad1 h5 20.Bc1 Be7 21.Nf1 Red8 22.f3 h4
23.Bc4 Nh5 24.g3 Rxd1 25.Rxd1 Rd8 26.Kg2 Rd4 27.c3 Rxd1 28.Qxd1 Ng7 29.Ne3 hxg3
30.hxg3 Qd8 31.Qxd8+ Bxd8 32.Ng4 Ne6 33.Nxe5 Kg7 34.Ng4 Bc8 35.Bh6+ Kh7 36.Bd2 Kg7
37.Ne5 Bc7 38.Nd3 f5 39.Bd5 Kf6 40.Be3 fxe4 41.Bxe4 c4 42.bxc4 Bd7 43.Nb4 Bxa4
44.Nxa6 Bd8 45.Nb4 Nc5 46.Bd5 Kg7 47.Nc6 Bf6 48.Nd4 Bd7 49.Kf1 Na4 50.Ne2 Bh3+
51.Kf2 Bf5 52.Bd4 Bd3 53.Nf4 Bf5 54.g4 Bd7 55.g5 Bxd4+ 56.cxd4 Nc3 57.Be4 b5
58.cxb5 Nxb5 59.Ke3 Be8 60.d5 Bf7 61.Kd3 Be8 62.Kc4 Nd6+ 63.Kc5 Nb7+ 64.Kb6 Nd6
65.Kc7 Nb5+ 66.Kd8 Bf7 67.Ke7 Na7 68.d6 Nc8+ 69.Kd7 Nb6+ 70.Kc7  1-0

[Event "13th Battle of Senta Open A"]
[Site "Senta SRB"]
[Date "2009.07.23"]
[Round "7"]
[White "Mirkovic,St"]
[Black "Stankovic,Milo"]
[Result "1/2-1/2"]
[WhiteElo "2242"]
[BlackElo "2306"]

1.e4 d6 2.d4 Nf6 3.Nc3 e5 4.dxe5 dxe5 5.Qxd8+ Kxd8 6.Bc4 Be6 7.Bxe6 fxe6
8.Nf3 Nbd7 9.Bg5 a6 10.O-O-O Bd6 11.Nd2 h6 12.Bh4 g5 13.Bg3 b5 14.h4 g4 15.a3  1/2-1/2

[Event "Najdorf Mem Open"]
[Site "Warsaw POL"]
[Date "2009.07.23"]
[Round "6"]
[White "Pietruszewski,M"]
[Black "Krainski,S"]
[Result "1/2-1/2"]
[WhiteElo "2037"]
[BlackElo "2152"]

1.e4 d6 2.d4 Nf6 3.Nc3 Nbd7 4.g3 e5 5.Nge2 Be7 6.Bg2 O-O 7.O-O c6 8.a4 b6
9.h3 Bb7 10.Be3 a6 11.g4 b5 12.Ng3 b4 13.Nce2 d5 14.dxe5 Nxe5 15.Bd4 Ned7
16.e5 Ne8 17.f4 c5 18.Bf2 Nc7 19.Nf5 g6 20.Nxe7+ Qxe7 21.c4 Nb6 22.Rc1 Ne6
23.cxd5 Bxd5 24.Bxd5 Rad8 25.Bxe6 Rxd1 26.Rfxd1 fxe6 27.Bxc5 Qb7 28.Bxf8 Kxf8
29.Rd8+ Kf7 30.a5 Nd5 31.Rcc8 Ne7 32.Rb8 Qf3 33.Rf8+ Kg7 34.Rfe8 Kf7 35.Rf8+ Kg7
36.Rfe8  1/2-1/2

[Event "Dutch Open"]
[Site "Dieren NED"]
[Date "2009.07.24"]
[Round "4"]
[White "Hendriks,W"]
[Black "Den Heeten,D"]
[Result "1-0"]
[WhiteElo "2444"]
[BlackElo "2321"]

1.e4 d6 2.d4 Nf6 3.Nc3 Nbd7 4.g4 h6 5.f3 e5 6.Be3 Be7 7.Nge2 Nh7 8.Qd2 Bh4+
9.Ng3 h5 10.gxh5 Nhf6 11.O-O-O Nxh5 12.Nxh5 Rxh5 13.Kb1 Kf8 14.f4 Bf6 15.dxe5 dxe5
16.Be2 Rh4 17.fxe5 Bxe5 18.Bg5 Bf6 19.Bxh4 Bxh4 20.Bg4 Ke8 21.Qg2 Qg5 22.Qh3  1-0

[Event "Czech Open A"]
[Site "Pardubice CZE"]
[Date "2009.07.24"]
[Round "1"]
[White "Dovzhenko,V"]
[Black "Monroy,C"]
[Result "0-1"]
[WhiteElo "2234"]
[BlackElo "2412"]

1.e4 d6 2.d4 Nf6 3.Nc3 e5 4.Bg5 Nbd7 5.Bc4 Be7 6.Nge2 O-O 7.Qd2 c6 8.Bb3 b5
9.a3 Rb8 10.O-O a5 11.Ng3 exd4 12.Qxd4 Nc5 13.Nb1 Be6 14.e5 dxe5 15.Qxe5 Nxb3
16.cxb3 Nd7 17.Bxe7 Nxe5 18.Bxd8 Rfxd8 19.Nc3 Bxb3 20.Rfe1 Nd3 21.Re2 Re8
22.Rd2 Rbd8 23.Nce4 f5 24.Ng5 g6 25.Nf3 c5 26.h4 c4 27.Nh2 b4 28.Ne2 Rxe2
29.Rxe2 c3 30.bxc3 bxc3 31.Nf1 c2 32.Rd2 a4 33.Ne3 Rc8 34.Nxc2 Bxc2 35.f3 Rc3
36.h5 Kg7 37.hxg6 hxg6 38.Re2 Bb3 39.Re3 Kf6 40.Kf1 f4 41.Re4 g5 42.Rd4 Ne5
43.Re4 Nc4 44.Kf2 Ne3 45.Re1 Rc2+ 46.Re2 Rxe2+ 47.Kxe2 Nxg2 48.Rb4 Ne3 49.Rb6+ Kf7
50.Rb7+ Kg6 51.Rb6+ Kh5 52.Rb8 Nc2 53.Rh8+ Kg6 54.Kd2 Nxa3 55.Ra8 Nc2  0-1

[Event "ch-Euro Senior"]
[Site "Rogaska Slatina SLO"]
[Date "2009.07.24"]
[Round "3"]
[White "Sinelnikov,I"]
[Black "Ziltener,W"]
[Result "1-0"]
[WhiteElo "2227"]
[BlackElo "2120"]

1.e4 d6 2.d4 Nf6 3.Nc3 c6 4.f4 Qa5 5.Bd2 Qb6 6.e5 Nd5 7.Nf3 Bg4 8.Bc4 e6
9.h3 Bxf3 10.Qxf3 Qxd4 11.Bxd5 cxd5 12.O-O-O Qc4 13.Rhe1 Nc6 14.b3 Qa6 15.exd6 O-O-O
16.a4 Bxd6 17.Nb5 Kb8 18.Bc3 d4 19.Nxd4 Ba3+ 20.Kb1 Nxd4 21.Bxd4 Qc6 22.Qxc6 bxc6
23.Bxg7 Rxd1+ 24.Rxd1 Rg8 25.Be5+ Kc8 26.g4 Bc5 27.Kb2 Rg6 28.g5 h6 29.h4 h5
30.Bd4 Bxd4+ 31.Rxd4 Rg8 32.Kc3 Kc7 33.Kc4 f6 34.Kc5 fxg5 35.fxg5 Rf8 36.b4 Rf2
37.c3 Rf3 38.Rc4 Rf2 39.b5 Rf3 40.Re4 cxb5 41.Kxb5 Kd6 42.c4 e5 43.c5+ Kd5
44.Re1 Rb3+ 45.Ka6 Rb4 46.a5 Rxh4 47.Rg1 Rf4 48.g6 Rf8 49.Kxa7 Kxc5 50.Kb7 Rg8
51.g7  1-0

[Event "XXVII Andorra Open"]
[Site "Arinsal AND"]
[Date "2009.07.25"]
[Round "8"]
[White "Demuth,A"]
[Black "Damljanovic,B"]
[Result "0-1"]
[WhiteElo "2339"]
[BlackElo "2551"]

1.d4 d6 2.e4 Nf6 3.Nc3 e5 4.Nge2 c6 5.a4 Be7 6.g3 h5 7.h3 Nbd7 8.Bg2 b6 9.O-O a6
10.Be3 Bb7 11.Qd2 b5 12.f3 b4 13.Nd1 a5 14.b3 Ba6 15.Nf2 c5 16.d5 h4 17.g4 Nh7
18.Nd3 Bg5 19.f4 exf4 20.Nexf4 O-O 21.Qf2 Rc8 22.Rad1 Qf6 23.Bc1 c4 24.Qa7 cxd3
25.Nxd3 Qh6 26.Qxa6 Rxc2 27.Bxg5 Nxg5 28.Rf2 Rxf2 29.Nxf2 Ne5 30.Qxa5 Rc8
31.Qa6 Rc2 32.Qf1 Ngf3+ 33.Kh1 Qf4  0-1

[Event "Politiken Cup"]
[Site "Helsingor DEN"]
[Date "2009.07.25"]
[Round "9"]
[White "Nielsen,JanM"]
[Black "Agrest,S"]
[Result "1-0"]
[WhiteElo "2115"]
[BlackElo "2260"]

1.e4 d6 2.d4 Nf6 3.Nc3 e5 4.Nf3 Nbd7 5.Bc4 Be7 6.O-O O-O 7.a4 a5 8.Re1 c6
9.d5 Nb6 10.Bb3 cxd5 11.Nxd5 Nfxd5 12.Bxd5 Nxd5 13.Qxd5 Rb8 14.c4 Be6 15.Qd3 Kh8
16.b3 f5 17.Ba3 fxe4 18.Qxe4 Bd7 19.Qd3 Bf5 20.Qd5 Rf6 21.Ng5 Qf8 22.Ra2 b6
23.Rd2 Bc8 24.Rxe5 dxe5 25.Bxe7 Qxe7 26.Qxe5 Qa3 27.Rd8+ Rf8 28.Rxf8+ Qxf8
29.Qxb8 h6 30.Nf3 Qc5 31.Qf4 Bf5 32.Nd4 Bg6 33.Ne6 Qe7 34.Qb8+ Be8 35.Qxb6 Kh7
36.Qe3 Qb4 37.h4 Bf7 38.Nf4 Qa3 39.h5 Qa1+ 40.Kh2 Qf6 41.Qe4+ Kg8 42.Ng6 Bxg6
43.hxg6 Kf8 44.Kg3 Qg5+ 45.Kf3 Qh5+ 46.Qg4 Qh1 47.Qe6 Qd1+ 48.Kf4 Qc1+ 49.Ke5 Qc3+
50.Kd5 Qd2+ 51.Kc6 Qxf2 52.Qf7+ Qxf7 53.gxf7 g5 54.Kb7  1-0